000 00719nam a2200217Ia 4500
001 8454
003 GE_BSU
008 181216s||||||||xx |||||||||||||| ||und||
040 _cGE_BSU
080 _a821.353.1-11
100 _aვაჟა-ფშაველა
245 _aსტუმარ–მასპინძელი: პოემა.
245 _cრედ.: ე.ახვლედიანი; მხატვ.: თ. მირზაშვილი.
260 _aთბილისი.
260 _bნაკადული.
260 _c1970.
300 _a50 გვ; 21 სმ.ილ;
653 _aპოემა
653 _aსტუმარ–მასპინძელი
942 _cBK
999 _c41773
_d41773